| 000 | 00572nam a2200193Ia 4500 | ||
|---|---|---|---|
| 008 | 190412s9999 xx 000 0 und d | ||
| 100 | _aSari Pittenen | ||
| 245 | _aMorality in let's play narrations: Moral evaluations of gothic monsters in gameplay videos of fallout 3 / | ||
| 245 | _cSari Pittenen | ||
| 260 | _bSage | ||
| 260 | _c2018 | ||
| 300 | _apages 4671-4688, December 2018 | ||
| 440 |
_aNew Media & Society _v20 (12) |
||
| 650 | _aDigital Games | ||
| 650 | _aGameplay | ||
| 650 | _aGaming Culture | ||
| 650 | _aMEDIA & SOCIETY | ||
| 942 |
_2lcc _cSE |
||
| 999 |
_c361409 _d361409 |
||